00975naa#a2200217#i#4500001001600000005001700016011001400033100004100047101000800088102000700096200020600103210015500309215001100464608004500475675010500520700002600625700002400651700003000675700002400705856002800729RU\\bibl\11787920260511071747.1##a2500-4026##a20250331b2025####ek#y0rusy0150####ca0#aRUS##aRU1#aК ВОПРОСУ КЛАССИФИКАЦИИ СЛОЖНОСТИ ПОЖАРОВ ПО НОМЕРАМ (РАНГАМ): АНАЛИЗ И ПРОБЛЕМНЫЕ АСПЕКТЫeЖурнальная статья1#aЖелезногорскcФГБОУ ВО Сибирская пожарно-спасательная академия ГПС МЧС Россииd2025##a10 с.##aЖурнальная статья2local##aПрибытие. Разведка. Ведущие пожарные команды. 614.842.661zRUS#1aУвалиевgД С#1aИщенкоgА Д#1aМироненкоgР В#1aПавловgА В4#aapbt-sibpsa.editorum.ru